Research in Organizational Change and Development : 1999 : An Annual Series Featuring Advances in Theory, Methodology and Research /
Uloženo v:
| Hlavní autor: | |
|---|---|
| Další autoři: | |
| Médium: | Kniha |
| Jazyk: | angličtina |
| Vydáno: |
Stanford, EUA :
Jai,
1999, c1999
|
| Edice: | (Research in Organizational Change and Development ;
12) |
| Témata: | |
| Tagy: |
Žádné tagy, Buďte první, kdo vytvoří štítek k tomuto záznamu!
|
MARC
| LEADER | 00000nam^a2200000^a^4500 | ||
|---|---|---|---|
| 001 | 000124957 | ||
| 005 | 20250521000000.0 | ||
| 009 | 20260310094632.481 | ||
| 020 | |a 0-7623-0627-0 | ||
| 037 | |a Acervo ITESO - Biblioteca | ||
| 041 | |a ING | ||
| 082 | |a 658. 4063 |b RES V. 12 | ||
| 100 | |a Pasmore, William A. |e (ed.) | ||
| 240 | 1 | 1 | |a [Research in Organizational Change and Development] |
| 245 | 1 | 0 | |a Research in Organizational Change and Development : |b 1999 : An Annual Series Featuring Advances in Theory, Methodology and Research / |c Ed. de W.A. Pasmore, R.W. Woodman. |
| 264 | 4 | |a Stanford, EUA : |b Jai, |c 1999, c1999 | |
| 300 | |a 377 p. | ||
| 336 | |a texto |b txt |2 rdacontenido | ||
| 337 | |a sin mediación |b n |2 rdamedio | ||
| 338 | |a volumen |b nc |2 rdasoporte | ||
| 440 | 1 | |a (Research in Organizational Change and Development ; |v 12) | |
| 649 | |a XX | ||
| 650 | |a Desarrollo Organizacional | ||
| 650 | |a Cambio Organizacional | ||
| 650 | |a Ciencias Administrativas | ||
| 700 | |a Woodman, Richard W. |e (edición) | ||
| 910 | |a Fondo General | ||
| 920 | |a Impresos - Libros | ||
| 930 | |a Colección General | ||
| 905 | |a 101 | ||
| 901 | |a 0500058112 |b IT1 |c ACC |u 20250521 | ||
| 902 | |a https://opac.biblio.iteso.mx/vufind/Record/000124957 | ||